World War 2 - Statistics

General Stats
  • This quiz has been taken 26 times
  • The average score is 8 of 15
Answer Stats
Question Answer % Correct
Leader of Germany Adolf Hitler
100%
Prime Minister of Britain Winston Churchill
95%
Leader of the Soviet Union Joseph Stalin
86%
Leader of Italy Benito Mussolini
81%
What was the nation that the Soviet Union had troubles with; Winter War Finland
71%
German alliance Axis
62%
Emperor of Japan Hirohito
62%
First nation Germany invaded; Anschluss Austria
57%
Balkan nation that Italy annexed before the war started Albania
38%
Soviet ideology Communist
38%
_ Civil War gave German troops experience and also allowed testing of new German equipment. Secured German influence in Iberia with a Nationalist victory. Spanish
38%
City where Germany set up a french government Vichy
33%
Italian ideology Fascist
29%
Demilitarized zone of Germany Rhineland
19%
German plan to take over the British Isles Sealion
19%
No matching quizzes found
Score Distribution
Percent of People with Each Score
Percentile by Number Answered
Your Score History
You have not taken this quiz